| 000 | 00472nam a2200169Ia 4500 | ||
|---|---|---|---|
| 008 | 220216s9999 xx 000 0 und d | ||
| 100 | _aRajasekharan P. | ||
| 245 | 0 | _aAdoption of intercropping in rubber smallholdings in Kerala, India : A tobit analysis | |
| 260 |
_bAgroforestry Systems _c2002 |
||
| 300 | _a11-Jan | ||
| 650 | _aFamily labour | ||
| 650 | _aIntercropping | ||
| 650 | _aKerala | ||
| 650 | _aSmallholdings | ||
| 700 | _aVeeraputhran S. | ||
| 942 | _cBS | ||
| 999 |
_c48362 _d48362 |
||